[Slávnosť odhalenia pamätného pomníka Ľudovíta Štúra v Modre]

Zobrazenie: Slávnosť odhalenia pamätného pomníka Ľudovíta Štúra v Modre, 14.10.1945. Na obr.: Ladislav Novomeský počas prejavu.

Bibliographic Details
Other Authors: Lazišťan, Eugen, 1917-2006 (Photographer)
Format: Photo
Language:Slovak
PhysicalDescription:1 fotografia čb 6 x 9 cm
Published: [S.l. s.n.] 1945
Subjects:

MARC

LEADER 00000nkmaa2200000 a 4500
001 vtls011535078
003 SK-MaSNL
005 20260331210505.0
007 kh bo
008 230802e1945 xo | |||0 k|slo
035 |a urn:nbn:sk:snk-km00cofr 
035 |a urn:nbn:sk:snk-km3lptr 
035 |a 2213253A-6885-4E15-94EF-B9E63E081ACE 
040 |a SNKLA  |b slo  |c SNKLA  |e AACR2 
041 0 |a slo 
044 |a xo  |c SK 
100 1 |a Lazišťan, Eugen,  |d 1917-2006  |4 pht  |9 114795 
245 1 0 |a [Slávnosť odhalenia pamätného pomníka Ľudovíta Štúra v Modre]  |h grafika 
260 |a [S.l.  |b s.n.]  |c 1945 
300 |a 1 fotografia  |b čb  |c 6 x 9 cm 
520 2 |a Zobrazenie: Slávnosť odhalenia pamätného pomníka Ľudovíta Štúra v Modre, 14.10.1945. Na obr.: Ladislav Novomeský počas prejavu. 
600 1 7 |a Štúr, Ľudovít,  |d 1815-1856  |2 SNKMA  |9 92872 
600 1 7 |a Novomeský, Ladislav,  |d 1904-1976  |2 SNKMA  |9 75208 
611 2 7 |a slávnosť odhalenia pamätného pomníka Ľudovíta Štúra  |d 1945  |c Modra, Slovensko  |9 341094 
650 0 7 |a pamätné pomníky  |2 SNKLA  |9 312239 
651 7 |a Modra (Slovensko)  |2 SNKPH  |9 15238 
655 7 |a fotografie  |2 SNKPH  |9 70713 
852 7 |a Slovenská národná knižnica  |b Literárny archív 
958 |a ZO 
958 |a BLA 
999 |c 856749  |d 858679 
952 |a SNKLA  |b SNKLA  |c SNKLA_DEP  |y NEVYP  |7 0  |p 17A1007861  |o snkK 19/116  |i snkLA 268/1960  |0 0  |1 0  |4 0  |d 2016-03-16  |f 1  |l 0  |r 2026-02-24 04:59:57  |w 2026-02-24